[Event "Quenza op 14th"]
[Site "Quenza"]
[Date "2025.07.06"]
[Round "9"]
[White "Sumets, Andrey"]
[Black "Bonelli Maestracci, Pierre Joseph"]
[Result "1-0"]
[WhiteElo "2497"]
[BlackElo "2098"]
[PlyCount "82"]
[EventDate "2025.07.06"]
[EventType "swiss (blitz)"]
[EventRounds "9"]
[EventCountry "FRA"]
[SourceTitle "CB29_2025"]
[SourceDate "2025.07.16"]
[SourceVersion "1"]
[SourceVersionDate "2025.07.16"]
[SourceQuality "1"]

1. d4 Nf6 2. c4 b6 3. Nc3 Bb7 4. a3 e6 5. Nf3 Be7 6. d5 exd5 7. cxd5 0-0 8. e4 Re8 9. Bd3 c6 10. dxc6 Nxc6 11. 0-0 Bf8 12. Bg5 h6 13. Bh4 Be7 14. Re1 d6 15. Rc1 Rc8 16. h3 Ne5 17. Bb5 Rf8 18. Bg3 a6 19. Bf1 Nxf3+ 20. Qxf3 Re8 21. Rcd1 Qc7 22. Qd3 Rcd8 23. Qd4 Qc5 24. Qd3 Qc7 25. Bf4 Qc6 26. Rc1 Qd7 27. Qd4 d5 28. Qxb6 dxe4 29. Red1 Qc6 30. Qxc6 Bxc6 31. Bxa6 g5 32. Bc7 Rxd1+ 33. Nxd1 Bd5 34. Ne3 Be6 35. a4 Ra8 36. Bb5 Rc8 37. Rc2 Nd5 38. Bg3 Nxe3 39. Rxc8+ Bxc8 40. fxe3 f5 41. Be5 Bb4 1-0

[Event "Quenza op 14th"]
[Site "Quenza"]
[Date "2025.07.06"]
[Round "5"]
[White "Sumets, Andrey"]
[Black "Fressinet, Laurent"]
[Result "1/2-1/2"]
[WhiteElo "2497"]
[BlackElo "2605"]
[PlyCount "93"]
[EventDate "2025.07.06"]
[EventType "swiss (blitz)"]
[EventRounds "9"]
[EventCountry "FRA"]
[SourceTitle "CB29_2025"]
[SourceDate "2025.07.16"]
[SourceVersion "1"]
[SourceVersionDate "2025.07.16"]
[SourceQuality "1"]

1. d4 Nf6 2. c4 e6 3. Nf3 d5 4. Nc3 Be7 5. cxd5 exd5 6. Qc2 c6 7. h3 Na6 8. a3 0-0 9. Bf4 g6 10. e3 Bf5 11. Bd3 Bxd3 12. Qxd3 Nc7 13. 0-0 Ne6 14. Bh2 a5 15. Rfc1 Bd6 16. Bxd6 Qxd6 17. Rab1 Nd7 18. Na4 Rfe8 19. Qc2 Nc7 20. Ne1 Qf6 21. Nd3 Nb5 22. Nac5 Nxc5 23. Nxc5 Nd6 24. a4 Qe7 25. b4 Nc4 26. Qc3 axb4 27. Qxb4 b6 28. Nd3 Qa7 29. Nb2 c5 30. dxc5 bxc5 31. Qc3 Nxb2 32. Rxb2 d4 33. Qxc5 Qxc5 34. Rxc5 dxe3 35. fxe3 Rxa4 36. Rc3 Re7 37. Kf2 Kg7 38. Rbc2 Ra6 39. Rc6 Raa7 40. h4 h5 41. g3 Re5 42. R6c5 Rxc5 43. Rxc5 Ra6 44. Rc4 Ra7 45. Rc5 Ra6 46. Rc4 Ra7 47. Rc5 1/2-1/2

[Event "Purtichju op 10th"]
[Site "Porticcio"]
[Date "2025.07.04"]
[Round "9"]
[White "Wang, Hao3"]
[Black "Sumets, Andrey"]
[Result "0-1"]
[WhiteElo "2428"]
[BlackElo "2497"]
[PlyCount "94"]
[EventDate "2025.06.28"]
[EventType "swiss"]
[EventRounds "9"]
[EventCountry "FRA"]
[SourceTitle "CB29_2025"]
[SourceDate "2025.07.16"]
[SourceVersion "1"]
[SourceVersionDate "2025.07.16"]
[SourceQuality "1"]

1. Nf3 d5 2. c4 c6 3. e3 Nf6 4. b3 Bg4 5. Bb2 Nbd7 6. Be2 e6 7. h3 Bxf3 8. Bxf3 Bd6 9. d3 0-0 10. Nd2 Qe7 11. 0-0 Ba3 12. Bc3 a5 13. Re1 Bb4 14. Qc2 Rfd8 15. d4 a4 16. c5 axb3 17. Nxb3 Bxc3 18. Qxc3 Ra7 19. a4 Rda8 20. a5 Ne8 21. Be2 Nc7 22. Reb1 e5 23. Bd3 g6 24. Bf1 Qf6 25. Ra4 exd4 26. exd4 Ne6 27. Rb4 Ndf8 28. Ra1 Re8 29. a6 bxa6 30. Rb6 Ng5 31. Raxa6 Rxa6 32. Rxa6 Re6 33. Ra2 h5 34. Qd2 Kg7 35. f3 Qe7 36. Na5 h4 37. Qf2 Nfh7 38. Rb2 Qa7 39. Ra2 Qe7 40. Kh1 Nf6 41. Qxh4 Nh5 42. Ra1 f6 43. Rb1 Nf7 44. Bd3 Qc7 45. Nb7 Re3 46. Bf1 Ng3+ 47. Kg1 g5 0-1

[Event "Purtichju op 10th"]
[Site "Porticcio"]
[Date "2025.07.01"]
[Round "6"]
[White "Carnicelli, Valerio"]
[Black "Sumets, Andrey"]
[Result "1/2-1/2"]
[WhiteElo "2396"]
[BlackElo "2497"]
[PlyCount "121"]
[EventDate "2025.06.28"]
[EventType "swiss"]
[EventRounds "9"]
[EventCountry "FRA"]
[SourceTitle "CB29_2025"]
[SourceDate "2025.07.16"]
[SourceVersion "1"]
[SourceVersionDate "2025.07.16"]
[SourceQuality "1"]

1. e4 c6 2. d4 d5 3. e5 Bf5 4. Nd2 e6 5. Nb3 Nd7 6. Nf3 Ne7 7. Be2 h6 8. 0-0 a5 9. a4 g5 10. c3 Bg7 11. Ne1 c5 12. f4 c4 13. Nd2 Qc7 14. Nb1 gxf4 15. Na3 Qb6 16. Kh1 Ng6 17. Nb5 0-0 18. Bg4 Bxg4 19. Qxg4 Kh7 20. g3 fxg3 21. Qxg3 Ne7 22. Nd6 Nf5 23. Nxf5 exf5 24. Qf3 Kh8 25. Qxd5 Qe6 26. Qxb7 Rab8 27. Qf3 f6 28. d5 Qa6 29. e6 Ne5 30. Qg2 Qb7 31. Rg1 Rg8 32. Bf4 Qxb2 33. Qxb2 Rxb2 34. d6 Ng4 35. Rxg4 fxg4 36. Ng2 f5 37. e7 Rb7 38. Re1 Re8 39. Ne3 Rd7 40. Nxf5 Bxc3 41. Rc1 Bb4 42. Rxc4 Kh7 43. Rd4 Kg6 44. Ne3 Kf7 45. Nxg4 Rexe7 46. Ne5+ Rxe5 47. Bxe5 Ke6 48. Bg3 Bxd6 49. Bxd6 Rxd6 50. Rh4 Kf5 51. Rh5+ Kg4 52. Rxa5 Rd1+ 53. Kg2 Rd2+ 54. Kg1 Rd1+ 55. Kg2 Rd2+ 56. Kg1 Rd1+ 57. Kg2 Rd2+ 58. Kg1 Rd1+ 59. Kg2 Rd2+ 60. Kg1 Rd1+ 61. Kg2 1/2-1/2

[Event "Titled Tuesday intern op 04th Feb Late"]
[Site "Chess.com INT"]
[Date "2025.02.04"]
[Round "7"]
[White "Aliyev, Elnur Fakhraddin Og"]
[Black "Sumets, Andrey"]
[Result "0-1"]
[WhiteElo "2079"]
[BlackElo "2514"]
[PlyCount "130"]
[EventDate "2025.02.04"]
[EventType "swiss (blitz)"]
[EventRounds "11"]
[EventCountry "USA"]
[SourceTitle "CB07_2025"]
[SourceDate "2025.02.12"]
[SourceVersion "1"]
[SourceVersionDate "2025.02.12"]
[SourceQuality "1"]

1. e4 c5 2. Nf3 Nc6 3. Nc3 Nf6 4. Bb5 Qc7 5. 0-0 Nd4 6. Re1 Ng4 7. h3 Nxf3+ 8. Qxf3 Qh2+ 9. Kf1 Ne5 10. Qg3 Qxg3 11. fxg3 e6 12. b3 a6 13. Be2 b5 14. Bb2 d6 15. a4 b4 16. Nd1 Bb7 17. Bxe5 dxe5 18. d3 f6 19. Ne3 Bd6 20. Nc4 Bc7 21. Bh5+ Ke7 22. Bf3 h5 23. g4 hxg4 24. Bxg4 Raf8 25. Bf3 f5 26. exf5 Bxf3 27. gxf3 Rxf5 28. Kg2 Rg5+ 29. Kf2 Rxh3 30. Rh1 Rhg3 31. Rag1 e4 32. dxe4 Kf6 33. Rxg3 Bxg3+ 34. Ke2 Bf4 35. Kf2 Be5 36. Nxe5 Kxe5 37. Ke3 Rg2 38. f4+ Kd6 39. Rd1+ Kc6 40. Rd2 Rg3+ 41. Kf2 Rc3 42. e5 c4 43. bxc4 Kc5 44. f5 exf5 45. e6 Rxc4 46. e7 Rf4+ 47. Kg3 Re4 48. Kf3 Rxe7 49. Kf4 g6 50. Kg5 Re6 51. Rf2 Kc4 52. Rf3 a5 53. Rh3 Rc6 54. Rf3 Kd4 55. Rh3 Rxc2 56. Kxg6 Kc4 57. Kxf5 b3 58. Rh4+ Kc3 59. Ke4 b2 60. Rh3+ Kb4 61. Rh1 Rc1 62. Rh4 b1Q+ 63. Kd5+ Ka3 64. Rh3+ Qb3+ 65. Rxb3+ Kxb3 0-1

[Event "Titled Tuesday intern op 04th Feb Early"]
[Site "Chess.com INT"]
[Date "2025.02.04"]
[Round "2"]
[White "Beulen, Marcel"]
[Black "Sumets, Andrey"]
[Result "0-1"]
[WhiteElo "2359"]
[BlackElo "2514"]
[PlyCount "98"]
[EventDate "2025.02.04"]
[EventType "swiss (blitz)"]
[EventRounds "11"]
[EventCountry "USA"]
[SourceTitle "CB07_2025"]
[SourceDate "2025.02.12"]
[SourceVersion "1"]
[SourceVersionDate "2025.02.12"]
[SourceQuality "1"]

1. e4 c5 2. Nf3 Nc6 3. Bb5 Nf6 4. e5 Nd5 5. 0-0 g6 6. Re1 Bg7 7. Nc3 Nc7 8. Bxc6 dxc6 9. Ne4 b6 10. h3 0-0 11. d3 Ne6 12. Be3 Nd4 13. Bxd4 cxd4 14. Qe2 c5 15. h4 Bg4 16. Ng3 Qd5 17. Qe4 Bxf3 18. Qxf3 Qxf3 19. gxf3 e6 20. a4 Rad8 21. Kg2 Rd5 22. f4 f6 23. exf6 Rxf6 24. Re4 Bh6 25. Kf3 e5 26. Rae1 Bxf4 27. Kg2 Rd7 28. Ne2 Rdf7 29. Nxf4 Rxf4 30. Rxf4 exf4 31. Re8+ Kg7 32. Kf3 Kh6 33. Re5 Rf6 34. Kg4 f3 35. b3 Rf7 36. Rd5 Kg7 37. Re5 Kf6 38. Re4 Re7 39. Rf4+ Kg7 40. Kxf3 Re1 41. Re4 Rxe4 42. Kxe4 Kh6 43. Kf4 Kh5 44. Kg3 g5 45. hxg5 Kxg5 46. f4+ Kf5 47. Kf3 h6 48. Kg3 h5 49. Kf3 h4 0-1

[Event "Titled Tuesday intern op 04th Feb Early"]
[Site "Chess.com INT"]
[Date "2025.02.04"]
[Round "8"]
[White "Bolashakov, Nurali"]
[Black "Sumets, Andrey"]
[Result "0-1"]
[WhiteElo "2034"]
[BlackElo "2514"]
[PlyCount "70"]
[EventDate "2025.02.04"]
[EventType "swiss (blitz)"]
[EventRounds "11"]
[EventCountry "USA"]
[SourceTitle "CB07_2025"]
[SourceDate "2025.02.12"]
[SourceVersion "1"]
[SourceVersionDate "2025.02.12"]
[SourceQuality "1"]

1. e4 c5 2. Nf3 Nc6 3. d4 cxd4 4. Nxd4 Nf6 5. Nc3 h5 6. h3 g6 7. Nxc6 bxc6 8. e5 Nh7 9. Bc4 Bg7 10. f4 0-0 11. 0-0 d5 12. Bb3 a5 13. a4 e6 14. Be3 Qe7 15. Qd4 Ba6 16. Rfe1 Rfc8 17. Qc5 Qxc5 18. Bxc5 Nf8 19. Rad1 Nd7 20. Bf2 c5 21. Nb5 Bxb5 22. axb5 a4 23. Ba2 a3 24. bxa3 Rxa3 25. Bb1 Ra4 26. c3 Rxf4 27. Bd3 Nxe5 28. Bf1 Ra4 29. Ra1 Rxa1 30. Rxa1 Nc4 31. Bxc4 dxc4 32. Ra7 Rb8 33. Bxc5 Rxb5 34. Bb4 Rxb4 35. cxb4 Bd4+ 0-1

[Event "Titled Tuesday intern op 04th Feb Early"]
[Site "Chess.com INT"]
[Date "2025.02.04"]
[Round "4"]
[White "Sahil, Tickoo"]
[Black "Sumets, Andrey"]
[Result "1-0"]
[WhiteElo "2186"]
[BlackElo "2514"]
[PlyCount "77"]
[EventDate "2025.02.04"]
[EventType "swiss (blitz)"]
[EventRounds "11"]
[EventCountry "USA"]
[SourceTitle "CB07_2025"]
[SourceDate "2025.02.12"]
[SourceVersion "1"]
[SourceVersionDate "2025.02.12"]
[SourceQuality "1"]

1. d4 Nf6 2. Bf4 c5 3. e3 Nd5 4. Bg3 Qb6 5. b3 cxd4 6. exd4 g6 7. Nf3 Bh6 8. c3 0-0 9. Bc4 Nf4 10. 0-0 Nc6 11. Re1 Qd8 12. d5 Na5 13. Bf1 b6 14. Qd4 Nh5 15. Nbd2 Nxg3 16. hxg3 Bg7 17. Qd3 d6 18. Rad1 Bf5 19. Qe3 Re8 20. c4 Qc7 21. Nd4 Bd7 22. N2f3 Nb7 23. Bd3 Nc5 24. Bb1 a5 25. Qf4 e5 26. dxe6 fxe6 27. Qh4 e5 28. Ne2 Bc6 29. Nc3 Bxf3 30. gxf3 Ne6 31. Nd5 Qd8 32. Qxd8 Raxd8 33. Nxb6 Nd4 34. Kg2 Rf8 35. Be4 Bf6 36. Nd5 Kg7 37. f4 Rfe8 38. fxe5 Bxe5 39. f4 1-0

[Event "Titled Tuesday intern op 04th Feb Late"]
[Site "Chess.com INT"]
[Date "2025.02.04"]
[Round "4"]
[White "Sumets, Andrey"]
[Black "Herpai, Jozsef Matyas"]
[Result "1-0"]
[WhiteElo "2514"]
[BlackElo "2052"]
[PlyCount "107"]
[EventDate "2025.02.04"]
[EventType "swiss (blitz)"]
[EventRounds "11"]
[EventCountry "USA"]
[SourceTitle "CB07_2025"]
[SourceDate "2025.02.12"]
[SourceVersion "1"]
[SourceVersionDate "2025.02.12"]
[SourceQuality "1"]

1. e4 c5 2. Nc3 e6 3. Nf3 Nc6 4. d4 cxd4 5. Nxd4 Nf6 6. g3 Qb6 7. Nb3 Bb4 8. Bg2 d5 9. 0-0 Bxc3 10. exd5 exd5 11. bxc3 0-0 12. Be3 Qc7 13. Bf4 Qb6 14. Rb1 Bg4 15. Qd3 Rfe8 16. Nd4 Qa5 17. h3 Nxd4 18. Qxd4 Be2 19. Rfe1 Bc4 20. Rxe8+ Rxe8 21. Rxb7 Qxa2 22. Be5 Qxc2 23. Bxf6 gxf6 24. Qxf6 Qg6 25. Qd4 a6 26. Ra7 Qe6 27. h4 Qe5 28. Qg4+ Qg7 29. Qf4 Rf8 30. Qe3 Qf6 31. h5 Kh8 32. Rd7 Qe6 33. Qxe6 fxe6 34. Re7 Rf6 35. g4 Kg8 36. Kh2 h6 37. Kg3 Kf8 38. Ra7 Rf7 39. Ra8+ Kg7 40. f4 Rb7 41. g5 hxg5 42. fxg5 Rb3 43. Ra7+ Kg8 44. h6 Rxc3+ 45. Kf4 Rc2 46. Bh3 Rf2+ 47. Ke5 Re2+ 48. Kf6 Rf2+ 49. Ke5 Re2+ 50. Kd6 Rf2 51. Bxe6+ Kh8 52. g6 Bd3 53. Ra8+ Rf8 54. Rxf8# 1-0

[Event "Titled Tuesday intern op 04th Feb Late"]
[Site "Chess.com INT"]
[Date "2025.02.04"]
[Round "9"]
[White "Sumets, Andrey"]
[Black "Maksimovic, Bojan"]
[Result "0-1"]
[WhiteElo "2514"]
[BlackElo "2505"]
[PlyCount "82"]
[EventDate "2025.02.04"]
[EventType "swiss (blitz)"]
[EventRounds "11"]
[EventCountry "USA"]
[SourceTitle "CB07_2025"]
[SourceDate "2025.02.12"]
[SourceVersion "1"]
[SourceVersionDate "2025.02.12"]
[SourceQuality "1"]

1. d4 Nf6 2. c4 g6 3. Nc3 Bg7 4. e4 d6 5. Nf3 0-0 6. Be2 Nbd7 7. 0-0 e5 8. Be3 c6 9. d5 c5 10. Ne1 Kh8 11. Nd3 Ng8 12. b4 cxb4 13. Nxb4 Bh6 14. Bxh6 Nxh6 15. Nd3 b6 16. a4 a5 17. Nb5 Qe7 18. Qd2 Kg7 19. Qb2 Ba6 20. Nc7 Ra7 21. Nxa6 Rxa6 22. f4 f6 23. fxe5 fxe5 24. c5 bxc5 25. Nf4 Rb6 26. Bb5 Rxf4 27. Rxf4 Nf6 28. Rf3 Nxe4 29. Re1 Ng5 30. Rff1 Nf5 31. Qd2 Nd4 32. Qxa5 Rb8 33. Bc6 e4 34. Qd2 Rb3 35. a5 e3 36. Qa2 e2 37. Rf2 Qe3 38. Qa1 Ne4 39. Rexe2 Rb1+ 40. Qxb1 Nxe2+ 41. Kh1 Nxf2# 0-1

[Event "Wolfsberg NSV 100 Ann"]
[Site "Wolfsberg"]
[Date "2024.11.19"]
[Round "6"]
[White "Sumets, Andrey"]
[Black "Nechitailo, Nikita"]
[Result "1-0"]
[WhiteElo "2521"]
[BlackElo "2220"]
[PlyCount "84"]
[EventDate "2024.11.16"]
[EventType "swiss"]
[EventRounds "9"]
[EventCountry "AUT"]
[SourceTitle "CB48_2024"]
[SourceDate "2024.11.28"]
[SourceVersion "1"]
[SourceVersionDate "2024.11.28"]
[SourceQuality "1"]

1. Nf3 c5 2. e4 e6 3. d4 cxd4 4. Nxd4 a6 5. Bd3 Bc5 6. Nb3 Ba7 7. 0-0 Nc6 8. Qe2 d6 9. Be3 Nf6 10. a4 0-0 11. Bxa7 Rxa7 12. a5 e5 13. Rd1 b5 14. axb6 Qxb6 15. h3 Be6 16. Bc4 Nb4 17. Na3 Rc7 18. Rd2 Rd8 19. Rad1 Ne8 20. Nc1 Nc6 21. Bxe6 fxe6 22. c3 Rcd7 23. Qc4 Nc7 24. Qa2 d5 25. exd5 Rxd5 26. b4 Rxd2 27. Rxd2 Nd5 28. Nc4 Qa7 29. Qc2 Qc7 30. Nb3 Nb6 31. Nxb6 Qxb6 32. Nc5 a5 33. Nxe6 Nd4 34. Nxd4 exd4 35. Qa2+ Kh8 36. Qxa5 Qxa5 37. bxa5 d3 38. Kf1 Kg8 39. Ke1 Kf7 40. a6 Ke6 41. a7 g5 42. Ra2 Kd5 1-0

[Event "Wolfsberg NSV 100 Ann"]
[Site "Wolfsberg"]
[Date "2024.11.17"]
[Round "3"]
[White "Sumets, Andrey"]
[Black "Korchynskyi, Mykola"]
[Result "0-1"]
[WhiteElo "2521"]
[BlackElo "2330"]
[PlyCount "88"]
[EventDate "2024.11.16"]
[EventType "swiss"]
[EventRounds "9"]
[EventCountry "AUT"]
[SourceTitle "CB48_2024"]
[SourceDate "2024.11.28"]
[SourceVersion "1"]
[SourceVersionDate "2024.11.28"]
[SourceQuality "1"]

1. d4 Nf6 2. c4 e6 3. Nf3 d5 4. g3 Bb4+ 5. Bd2 a5 6. Qc2 c5 7. dxc5 d4 8. Bxb4 axb4 9. Bg2 0-0 10. Ne5 Qc7 11. Nd3 Na6 12. 0-0 e5 13. Nd2 Bf5 14. Nb3 Nd7 15. Qd2 Bxd3 16. exd3 Ndxc5 17. f4 Nxb3 18. axb3 Nc5 19. Rxa8 Rxa8 20. Bd5 Rf8 21. f5 Nd7 22. Qxb4 Nf6 23. Bf3 b6 24. Re1 Re8 25. Qb5 h5 26. b4 h4 27. g4 e4 28. Rxe4 Rxe4 29. Bxe4 Nxg4 30. Qe8+ Kh7 31. f6+ g6 32. Bxg6+ Kxg6 33. Qg8+ Kf5 34. Qh7+ Kg5 35. Qg7+ Kf4 36. h3 Ne5 37. Qg2 Qc6 38. Qf2+ Kg5 39. b5 Qf3 40. Qxd4 Qg3+ 41. Kf1 Qxh3+ 42. Ke2 Qg2+ 43. Kd1 Qf1+ 44. Kc2 Qxd3+ 0-1

[Event "EU-Cup 39th"]
[Site "Vrnjacka Banja"]
[Date "2024.10.21"]
[Round "2.2"]
[White "Sumets, Andrey"]
[Black "Bryakin, Mikhail"]
[Result "1-0"]
[WhiteElo "2518"]
[BlackElo "2438"]
[PlyCount "83"]
[EventDate "2024.10.20"]
[EventType "team-swiss"]
[EventRounds "7"]
[EventCountry "SRB"]
[SourceTitle "CB44_2024"]
[Source "Chessbase"]
[SourceDate "2024.10.30"]
[SourceVersion "1"]
[SourceVersionDate "2024.10.30"]
[SourceQuality "1"]
[WhiteTeam "De Sprenger Echternach"]
[BlackTeam "Zmaj"]
[WhiteTeamCountry "GER"]
[BlackTeamCountry "SRB"]

1. d4 d5 2. c4 dxc4 3. Nf3 Nf6 4. e3 Bg4 5. Bxc4 e6 6. h3 Bh5 7. 0-0 Nc6 8. Nbd2 Bd6 9. Bb5 0-0 10. Bxc6 bxc6 11. Qc2 Qd7 12. Ne5 Bxe5 13. dxe5 Nd5 14. Nb3 Nb4 15. Qc3 Rab8 16. Nc5 Qc8 17. e4 Na6 18. Be3 Rd8 19. f3 Nxc5 20. Bxc5 Qa6 21. b4 Rd3 22. Qc2 Rbd8 23. Rfd1 h6 24. Rxd3 Rxd3 25. a4 Rd8 26. a5 Kh7 27. g4 Bg6 28. f4 f6 29. f5 Bf7 30. exf6 exf5 31. exf5 Re8 32. Kf2 gxf6 33. Rd1 Bd5 34. Rd2 Re4 35. Rd4 Re8 36. Qd3 Qxd3 37. Rxd3 a6 38. b5 axb5 39. a6 Ra8 40. a7 b4 41. Rd4 b3 42. Rb4 1-0

[Event "Galdar op"]
[Site "Galdar"]
[Date "2024.09.09"]
[Round "9"]
[White "Stefansson, Vignir Vatnar"]
[Black "Sumets, Andrey"]
[Result "1-0"]
[WhiteElo "2531"]
[BlackElo "2517"]
[PlyCount "251"]
[EventDate "2024.09.02"]
[EventType "swiss"]
[EventRounds "9"]
[EventCountry "ESP"]
[SourceTitle "EXT 2025"]
[Source "ChessBase"]
[SourceDate "2024.10.14"]
[SourceVersion "1"]
[SourceVersionDate "2024.10.14"]
[SourceQuality "1"]

1. e4 c6 2. d4 d5 3. e5 Bf5 4. h4 h5 5. Bd3 Bxd3 6. Qxd3 Qa5+ 7. Nd2 e6 8. Ngf3 Nh6 9. 0-0 Nf5 10. Nb3 Qa6 11. Qd1 b6 12. Bg5 c5 13. dxc5 Bxc5 14. Re1 Nc6 15. Nxc5 bxc5 16. c3 Rc8 17. b3 Rc7 18. Qd2 Rd7 19. Red1 Qb7 20. Qe2 a5 21. Rac1 Qb6 22. Kh1 Qb7 23. Ne1 Nce7 24. Nd3 Rc7 25. c4 d4 26. Kg1 Ng6 27. g3 Nf8 28. a3 Nd7 29. Rb1 g6 30. Qd2 0-0 31. a4 Rc6 32. Rb2 Rb6 33. Rdb1 Qf3 34. Qe2 Qxe2 35. Rxe2 Rfb8 36. Reb2 Kf8 37. Bd2 Ra8 38. Kg2 Ne7 39. Kf3 Nc6 40. Bf4 Nb4 41. Nxb4 Rxb4 42. Ke4 Nb8 43. f3 Nc6 44. Bg5 Rab8 45. g4 R4b7 46. Bf6 Ne7 47. Kf4 Ke8 48. Kg5 Kd7 49. gxh5 gxh5 50. Kxh5 Rg8 51. Bg5 Nf5 52. Kg4 Ne3+ 53. Kh3 Nf5 54. Kg4 Ne3+ 55. Kg3 Nf5+ 56. Kf4 Rh8 57. Rh2 Rh5 58. Kg4 Rh7 59. h5 Rb8 60. h6 Rg8 61. Kf4 Ne7 62. Rg1 Nf5 63. Rhh1 Rb8 64. Rb1 Rg8 65. Rh3 Rb8 66. Ke4 Kc6 67. Bf4 Rg8 68. Rh2 Rd8 69. Kd3 Rg8 70. Rbh1 Rb8 71. Kc2 d3+ 72. Kc3 Nd4 73. Rb1 Ne2+ 74. Rxe2 dxe2 75. Re1 Rd8 76. Rxe2 Rd1 77. Bg5 Rh1 78. Rd2 Rh3 79. Rd3 Rh8 80. f4 Rh1 81. Rd6+ Kc7 82. Rd3 Rg8 83. Kd2 Rb8 84. Ke2 Rh2+ 85. Kf1 Rg8 86. Rf3 Kd7 87. Rg3 Kc7 88. Rd3 Rh1+ 89. Kf2 Rh2+ 90. Kf3 Rh1 91. Ke4 Re1+ 92. Re3 Rh1 93. Kd3 Rb8 94. Kc2 Rh2+ 95. Kc3 Rg8 96. Rd3 Rb8 97. f5 Rg8 98. fxe6 fxe6 99. Bf4 Rh4 100. Bd2 Rg2 101. Rf3 Rhh2 102. Bf4 Rf2 103. Rxf2 Rxf2 104. Be3 Rh2 105. Kd3 Kd7 106. Bxc5 Rxh6 107. Bb6 Rh3+ 108. Kc2 Rh2+ 109. Kc3 Rh3+ 110. Kb2 Rh2+ 111. Ka3 Re2 112. Bxa5 Rxe5 113. Bb6 Kc6 114. a5 Re1 115. b4 Rb1 116. Ka4 Ra1+ 117. Kb3 Rb1+ 118. Kc3 e5 119. Be3 Ra1 120. b5+ Kb7 121. a6+ Kc8 122. Kb4 Re1 123. Ba7 Ra1 124. Kc5 e4 125. Kd5 Ra4 126. Bd4 1-0

[Event "Galdar op"]
[Site "Galdar"]
[Date "2024.09.08"]
[Round "8"]
[White "Sumets, Andrey"]
[Black "Del Rio de Angelis, Salvador Gabriel"]
[Result "1-0"]
[WhiteElo "2517"]
[BlackElo "2376"]
[PlyCount "71"]
[EventDate "2024.09.02"]
[EventType "swiss"]
[EventRounds "9"]
[EventCountry "ESP"]
[SourceTitle "EXT 2025"]
[Source "ChessBase"]
[SourceDate "2024.10.14"]
[SourceVersion "1"]
[SourceVersionDate "2024.10.14"]
[SourceQuality "1"]

1. d4 f5 2. g3 Nf6 3. Bg2 e6 4. Nf3 Be7 5. 0-0 0-0 6. c4 d6 7. Nc3 Ne4 8. Qc2 Nxc3 9. Qxc3 a5 10. b3 Nc6 11. Bb2 Bf6 12. Rad1 Qe8 13. c5 e5 14. cxd6 cxd6 15. dxe5 dxe5 16. e4 Kh8 17. Qc4 a4 18. bxa4 Be6 19. Qc2 fxe4 20. Qxe4 Bxa2 21. Rfe1 Bb3 22. Ra1 Ra5 23. Bc3 Bd5 24. Qe3 Ra8 25. Qc5 Bxf3 26. Bxf3 Be7 27. Qe3 Bd6 28. Reb1 Nd8 29. a5 Rc8 30. Bb4 Bxb4 31. Rxb4 Rc7 32. Bd5 Nc6 33. Re4 Qg6 34. Rc1 Ne7 35. Rxc7 Nxd5 36. Qc5 1-0

[Event "Dortmund Sparkassen op-A 51st"]
[Site "Dortmund"]
[Date "2024.08.15"]
[Round "6"]
[White "Sumets, Andrey"]
[Black "Song, Ethan"]
[Result "1-0"]
[WhiteElo "2507"]
[BlackElo "2269"]
[PlyCount "79"]
[EventDate "2024.08.10"]
[EventType "swiss"]
[EventRounds "9"]
[EventCountry "GER"]
[SourceTitle "CBM 221 Extra"]
[Source "ChessBase"]
[SourceDate "2024.09.30"]
[SourceVersion "1"]
[SourceVersionDate "2024.09.30"]
[SourceQuality "1"]

1. d4 Nf6 2. c4 e6 3. Nf3 d5 4. g3 Be7 5. Bg2 0-0 6. b3 b6 7. 0-0 Bb7 8. Nc3 Nbd7 9. Ne5 Ne4 10. Nxe4 dxe4 11. Qc2 f5 12. Bf4 Nxe5 13. Bxe5 Bf6 14. Bxf6 Qxf6 15. e3 Rfd8 16. b4 Qe7 17. Qc3 e5 18. d5 c6 19. dxc6 Bxc6 20. Rfd1 Ba4 21. Rxd8+ Rxd8 22. Bf1 Bc6 23. Rc1 a6 24. b5 axb5 25. cxb5 Bd5 26. a4 Ra8 27. Rd1 Bb7 28. Bc4+ Kh8 29. Qd2 Qc7 30. Be6 f4 31. Qd6 Qb8 32. Qxb6 fxe3 33. fxe3 h6 34. a5 Qf8 35. Qxb7 Rxa5 36. b6 Ra8 37. Qxe4 Ra5 38. b7 Rb5 39. Rb1 Qe8 40. Bc4 1-0

[Event "Dortmund Sparkassen op-A 51st"]
[Site "Dortmund"]
[Date "2024.08.11"]
[Round "2"]
[White "Sumets, Andrey"]
[Black "Hirzel, Cedric"]
[Result "1-0"]
[WhiteElo "2507"]
[BlackElo "2116"]
[PlyCount "115"]
[EventDate "2024.08.10"]
[EventType "swiss"]
[EventRounds "9"]
[EventCountry "GER"]
[SourceTitle "CBM 221 Extra"]
[Source "ChessBase"]
[SourceDate "2024.09.30"]
[SourceVersion "1"]
[SourceVersionDate "2024.09.30"]
[SourceQuality "1"]

1. d4 Nf6 2. Nf3 d5 3. c4 e6 4. g3 Be7 5. Bg2 0-0 6. Nc3 dxc4 7. Ne5 c5 8. dxc5 Qxd1+ 9. Nxd1 Bxc5 10. 0-0 Nc6 11. Nxc4 Bd7 12. Be3 Bxe3 13. Ndxe3 Rab8 14. Rfd1 Ne7 15. Ne5 Bc6 16. Nxc6 bxc6 17. Nc4 Rfd8 18. Rxd8+ Rxd8 19. Rc1 g6 20. Kf1 Nfd5 21. Ke1 Kg7 22. a3 c5 23. Rc2 Nb6 24. Na5 Rc8 25. Bb7 Rc7 26. Ba6 Ned5 27. Nb7 Nd7 28. Nd6 Kf8 29. Bb5 N7b6 30. e4 Nf6 31. b4 Nfd7 32. Be2 Na4 33. f4 Ke7 34. e5 f6 35. Nb5 Rb7 36. exf6+ Kxf6 37. Nd6 Rb6 38. Ne4+ Ke7 39. bxc5 Naxc5 40. Nxc5 Rc6 41. Nxd7 Rxc2 42. Ne5 Ra2 43. Nc4 Kf6 44. h4 Rc2 45. a4 Rc3 46. Kf2 Rb3 47. a5 Rc3 48. a6 Ke7 49. Ne5 Kd6 50. Nf7+ Ke7 51. Ng5 h6 52. Nf3 Kf6 53. g4 Ke7 54. g5 hxg5 55. hxg5 Kf7 56. Ne5+ Kg7 57. Bf3 Rc7 58. Bb7 1-0

[Event "La Palma Island op"]
[Site "Santa Cruz de La Palma"]
[Date "2024.08.07"]
[Round "8"]
[White "Stefansson, Hannes"]
[Black "Sumets, Andrey"]
[Result "1/2-1/2"]
[WhiteElo "2464"]
[BlackElo "2507"]
[PlyCount "56"]
[EventDate "2024.08.02"]
[EventType "swiss"]
[EventRounds "10"]
[EventCountry "ESP"]
[SourceTitle "CBM 221 Extra"]
[Source "ChessBase"]
[SourceDate "2024.09.30"]
[SourceVersion "1"]
[SourceVersionDate "2024.09.30"]
[SourceQuality "1"]

1. e4 c6 2. d4 d5 3. e5 Bf5 4. Nd2 e6 5. Nb3 Nd7 6. Nf3 a6 7. Be2 c5 8. dxc5 Bxc5 9. Nxc5 Nxc5 10. Nd4 Ne7 11. 0-0 0-0 12. Re1 Bg6 13. Bf1 Rc8 14. c3 h6 15. a4 Nf5 16. Nxf5 Bxf5 17. Be3 Nd7 18. Bd4 Nb8 19. b4 Re8 20. a5 Nc6 21. Bb6 Qg5 22. g3 h5 23. Qc1 Qg6 24. Qf4 Bd3 25. Bg2 Nb8 26. Bd4 Rc4 27. Qd2 Nc6 28. Bb6 h4 1/2-1/2